Score 0/42 Timer 02:00
1 Play Today
Language Day English % Correct
German
Montag
???
84%
French
Samedi
???
80%
German
Freitag
???
79.5%
French
Lundi
???
79.2%
French
Mercredi
???
77.6%
Spanish
Lunes
???
77.4%
Spanish
Miércoles
???
76.5%
Dutch
Maandag
???
75.3%
German
Sonntag
???
75.2%
Spanish
Domingo
???
73.9%
Dutch
Woensdag
???
73.8%
Spanish
Sábado
???
72.6%
French
Mardi
???
69.8%
Spanish
Martes
???
69.3%
German
Samstag
???
68.8%
French
Dimanche
???
67.8%
German
Mittwoch
???
66.5%
French
Jeudi
???
65.9%
Spanish
Jueves
???
65.3%
French
Vendredi
???
62.6%
Dutch
Zaterdag
???
61.5%
Language Day English % Correct
Spanish
Viernes
???
61.3%
Dutch
Vrijdag
???
60.6%
Dutch
Zondag
???
56.6%
Portuguese
Domingo
???
53.5%
Portuguese
Sábado
???
51.6%
German
Dienstag
???
47.1%
Dutch
Donderdag
???
43.4%
German
Donnerstag
???
41%
Dutch
Dinsdag
???
40.2%
Latin
Diēs lūnae
???
37.5%
Latin
Diēs veneris
???
34.6%
Latin
Diēs martis
???
34.4%
Latin
Diēs solis
???
34.3%
Latin
Diēs mercurī
???
33.2%
Latin
Diēs saturnī
???
32.7%
Portuguese
Terça-feira
???
30.1%
Portuguese
Segunda-feira
???
29.6%
Portuguese
Quinta-feira
???
28.7%
Portuguese
Sexta-feira
???
28.3%
Latin
Diēs iovis
???
25.6%
Portuguese
Quarta-feira
???
19.3%
Remove Ads.
Support Sporcle.
Get the best of Sporcle when you Go Orange. This ad-free experience offers more features, more stats, and more fun while also helping to support Sporcle. Thank you for becoming a member.

You're not logged in!

Compare scores with friends on all Sporcle quizzes.
OR
Log In

Show Comments

Extras

Top Quizzes Today


Score Distribution

Your Account Isn't Verified!

In order to create a playlist on Sporcle, you need to verify the email address you used during registration. Go to your Sporcle Settings to finish the process.

Report this User

Report this user for behavior that violates our Community Guidelines.

Details: